| 000 | 01382cam a2200361 a 4500 | ||
|---|---|---|---|
| 001 | 1407 | ||
| 005 | 20230908154251.0 | ||
| 020 | _a792836003958 | ||
| 040 |
_aDLC _cDLC _dDLC _dOCoLC _dDLC _beng |
||
| 050 | 0 | 0 |
_aPZ7.W244 _bMxq 1992 |
| 082 | 0 | 0 |
_aFic _220 |
| 100 | 1 |
_aWarner, Gertrude Chandler, _d1890-1979. |
|
| 245 | 1 | 4 |
_aThe mystery of the singing ghost / _c by Gertrude Chandler Warner ; illustrated by Charles Tang. |
| 260 |
_aMorton Grove, Ill. : _bA. Whitman, _c1992. |
||
| 300 |
_a119 pages : _billustrations ; _c20 cm |
||
| 490 |
_aThe Boxcar Children _vBook 31 |
||
| 505 | _aM | ||
| 520 | _aWhile helping fix up the old house their cousins have bought, the Aldens hear stories about its being haunted and find evidence suggesting that there may be a ghost there. | ||
| 521 |
_a540
_bLexile |
||
| 521 |
_aM
_bRaz-Plus |
||
| 650 | 0 |
_aBoxcar children (Fictitious characters) _vJuvenile fiction. |
|
| 650 | 0 |
_aOrphans _vJuvenile fiction. |
|
| 650 | 0 |
_aFamilies _vJuvenile fiction. |
|
| 650 | 1 |
_aBrothers and sisters _vFiction. |
|
| 650 | 1 |
_aOrphans _vFiction. |
|
| 650 | 1 |
_aHaunted houses _vFiction. |
|
| 650 | 1 |
_aGhosts _vFiction. |
|
| 650 | 1 | _aMystery and detective stories. | |
| 655 | 7 |
_aDetective and mystery stories. _2gsafd |
|
| 700 | 1 |
_aTang, Charles _eillustrator |
|
| 906 |
_a7 _bcbc _corignew _d1 _eocip _f19 _gy-gencatlg |
||
| 942 |
_2ddc _cBK _n0 |
||
| 999 |
_c1407 _d1407 |
||